[Event "Calvi Balagne op 06th"]
[Site "Calvi"]
[Date "2009.05.02"]
[Round "8"]
[White "Mondoloni, Jean Michel"]
[Black "Sumets, Andrey"]
[Result "0-1"]
[WhiteElo "1920"]
[BlackElo "2581"]
[PlyCount "106"]
[EventDate "2009.04.28"]
[EventType "swiss"]
[EventRounds "9"]
[EventCountry "FRA"]
[SourceTitle "CBM 130 Extra"]
[Source "ChessBase"]
[SourceDate "2009.07.02"]
[SourceVersion "2"]
[SourceVersionDate "2009.07.15"]
[SourceQuality "1"]

1. e4 e6 2. d4 d5 3. Nc3 Nf6 4. Bg5 dxe4 5. Nxe4 Nbd7 6. Nf3 h6 7. Bxf6 Nxf6 8. Bd3 Nxe4 9. Bxe4 c5 10. Qe2 Qa5+ 11. c3 Bd6 12. Ne5 cxd4 13. Nc4 Qc7 14. Nxd6+ Qxd6 15. Rd1 0-0 16. Rxd4 Qc7 17. 0-0 e5 18. Rc4 Qe7 19. Bc2 Re8 20. Rb4 Rb8 21. Re1 b6 22. Qd3 g6 23. Qe3 Kg7 24. f4 Bb7 25. Qxe5+ Qxe5 26. Rxe5 Rxe5 27. fxe5 Re8 28. Rd4 Rxe5 29. Rd7 Bd5 30. Bb3 Bxb3 31. axb3 a5 32. Kf2 Rb5 33. b4 axb4 34. c4 Rc5 35. b3 b5 36. cxb5 Rxb5 37. Rd4 Kf6 38. Ke3 Ke5 39. g4 Ke6 40. Kf4 h5 41. h3 g5+ 42. Ke4 h4 43. Kf3 f6 44. Ke3 Rc5 45. Rxb4 Rc3+ 46. Kf2 Rxh3 47. Kg2 Rg3+ 48. Kh2 Ke5 49. Kh1 Rd3 50. Kh2 Rd4 51. Rb5+ Kf4 52. Rf5+ Kxg4 53. Rxf6 Rd2+ 0-1

[Event "Malakoff op 09th"]
[Site "Malakoff"]
[Date "2009.04.14"]
[Round "6"]
[White "Mondoloni, Jean Michel"]
[Black "Sanchez, Joseph"]
[Result "0-1"]
[WhiteElo "1920"]
[BlackElo "2483"]
[PlyCount "46"]
[EventDate "2009.04.11"]
[EventType "swiss"]
[EventRounds "9"]
[EventCountry "FRA"]
[SourceTitle "EXT 2010"]
[Source "ChessBase"]
[SourceDate "2010.11.25"]
[SourceVersion "1"]
[SourceVersionDate "2010.11.25"]
[SourceQuality "1"]

1. d4 Nf6 2. c4 e5 3. dxe5 Ng4 4. Bf4 Nc6 5. Nf3 Bc5 6. e3 Qe7 7. Qd5 d6 8. exd6 cxd6 9. Nc3 0-0 10. Be2 Be6 11. Qd2 Nge5 12. Bxe5 dxe5 13. 0-0 Rad8 14. Qc2 f5 15. a3 e4 16. Nd2 Qg5 17. b4 Bxe3 18. Ndxe4 fxe4 19. fxe3 Qxe3+ 20. Kh1 Rd2 21. Rxf8+ Kxf8 22. Rf1+ Kg8 23. Qb1 Qxc3 0-1